000 00452nam a22001337a 4500
005 20250807101417.0
008 250807b |||||||| |||| 00| 0 eng d
050 _aTHE:HG 1615.25 .M36 2017
100 _aMOSES WAPANGANA MAMATI
245 _aEFFECT OF ASSET LIABILITY MANAGEMENT OF LIQUIDITY RISK OF MICRO-FINANCE BANKS IN KENYA
_bA SURVEY OF BANKS IN NAIROBI COUNTY
260 _aKENYA
_bKISII UNIVERSITY
_c2017
300 _aX,709
942 _2lcc
_cREF
999 _c215995
_d215995